| 000 | 01197nam a2200313 i 4500 | ||
|---|---|---|---|
| 001 | 192150 | ||
| 003 | ES-MaACL | ||
| 005 | 20250804062651.0 | ||
| 008 | 221107s2018 ag e 000 0 spa c | ||
| 020 | _a9789873743177 | ||
| 040 | _cES-MaACL | ||
| 080 | _a821.111(415)-31"19" | ||
| 100 | 1 |
_aJoyce, James, _d1882-1941 _eaut _967077 |
|
| 245 | 1 | 0 |
_aUlises / _cJames Joyce ; traducción de Marcelo Zabaloy ; con la colaboración de Edgardo Russo ; notas de Marcelo Zabaloy y Eugenio Conchez ; edición al cuidado de Pablo Hernández. |
| 250 | _aSegunda edición revisada | ||
| 260 |
_aBuenos Aires : _bEl Cuenco de Plata, _c2018. |
||
| 300 |
_a829 páginas ; _c23 cm. |
||
| 490 | 1 | _aExtraterritorial | |
| 500 | _aÍndice | ||
| 655 | 0 |
_aNovelas _9234319 |
|
| 700 | 1 |
_aZabaloy, Marcelo, _d1957- _etrl _9175793 |
|
| 700 | 1 |
_aRusso, Edgardo. _9101054 _etrl |
|
| 830 | 1 |
_aExtraterritorial _9226097 |
|
| 852 | 4 |
_aES-MaACL _jN-8050 _9199432 _gDedicatoria autógrafa del traductor _cDEPOJ _bR. 152798 _hDonación: Marcelo Zabaloy |
|
| 903 |
_aZabaloy, Marcelo, _d1957- _ednr _9175793 |
||
| 942 |
_cMONOGRAFIA _n0 |
||
| 999 |
_c192150 _d192150 |
||